| 000 -LEADER |
| fixed length control field |
00538nam a2200181 a 4500 |
| 020 ## - INTERNATIONAL STANDARD BOOK NUMBER |
| ISBN |
9748874079 |
| 040 ## - CATALOGING SOURCE |
| Transcribing agency |
DLC |
| 082 ## - DEWEY DECIMAL CLASSIFICATION NUMBER |
| Classification number |
383 ASI 1992 C143 Or. |
| 245 00 - TITLE STATEMENT |
| Title |
Agrarian policy crises in Asia : |
| Remainder of title |
our lands, our lives / |
| 246 30 - VARYING FORM OF TITLE |
| Title proper/short title |
Our lands, our lives |
| 260 ## - PUBLICATION, DISTRIBUTION, ETC. (IMPRINT) |
| Place of publication |
Bangkok : |
| Name of publisher |
Asian Cultural Forum on Development, |
| Year of publication |
1992. |
| 300 ## - PHYSICAL DESCRIPTION |
| Number of Pages |
xii, 387 p. ; |
| Dimensions |
22 cm. |
| 650 #0 - SUBJECT ADDED ENTRY--TOPICAL TERM |
| Topical Term |
Agriculture and state |
| 650 #0 - SUBJECT ADDED ENTRY--TOPICAL TERM |
| Topical Term |
Agriculture |
| 700 1# - ADDED ENTRY--PERSONAL NAME |
| Personal name |
Chaudhuri, Buddhadeb, |
| 710 2# - ADDED ENTRY--CORPORATE NAME |
| Corporate name or jurisdiction name as entry element |
Asian Cultural Forum on Development. |
| 942 ## - ADDED ENTRY ELEMENTS (KOHA) |
| Koha item type |
ADB |
| 952 ## - LOCATION AND ITEM INFORMATION (KOHA) |
| Withdrawn status [LOCAL, KOHA] |
0 |